LEADER 01273nam0-22003731i-450- 001 990008038990403321 005 20070608110415.0 035 $a000803899 035 $aFED01000803899 035 $a(Aleph)000803899FED01 035 $a000803899 100 $a20050406d1970----km-y0itay50------ba 101 2 $afre$agrc 102 $aFR 105 $ay-------001yy 200 1 $aSur l'origine de l'homme$eHom. 10. et 11. de l'Hexaemeron$fBasile de Césarée$gintroduction, texte critique, traduction et notes par Alexis Smets et Michel van Esbroeck 210 $aParis$cLes éditions du Cerf$d1970 215 $a344 p.$d20 cm 225 1 $aSources chrétiennes$v160 300 $aTesto originale greco a fronte 500 10$aHomiliae in Hexameron$m$927109 676 $a233$v21$zita 700 0$aBasilius :$cCaesariensis$c$0396939 702 1$aSmets,$bAlexis 702 1$aEsbroeck,$bMichel : van 801 0$aIT$bUNINA$gRICA$2UNIMARC 901 $aBK 912 $a990008038990403321 952 $aDDR-Fonti II- Basilius Ed.2 de creat.hom.1$b1808 ddr$fDDR$m21-5573 952 $aP2B-590-S.C.-BASIL.C.-423A-1970$bBibl.45129$fFLFBC 959 $aDDR 959 $aFLFBC 996 $aHomiliae in Hexameron$927109 997 $aUNINA LEADER 01426nam0 22003131i 450 001 UON00413853 005 20231205104752.172 100 $a20121126d1964 |0itac50 ba 101 $aeng 102 $aGB 105 $a|||| 1|||| 200 1 $aTwo Fifteenth-Century Cookery-Books$awith extracts from ashmole MS. 1439, Laud MS. 553, & Douce MS. 55$fThomas Austin 210 $aLondon, New York, Toronto$cOxford University$d1964 215 $axix, 151 p.$d22 cm. 410 1$1001UON00261187$12001 $aEarly English Text Society. Original Series$1210 $aLondon$aNew York ; Toronto$cOrford University Press$v91 606 $aLETTERATURA INGLESE$xSec. 18.-19.$3UONC046814$2FI 620 $aUS$dNew York$3UONL000050 620 $aCA$dToronto$3UONL000778 620 $aGB$dLondon$3UONL003044 676 $a820$cLetteratura inglese e antico inglese$v21 700 1$aAUSTIN$bThomas$3UONV211483$0394559 712 $aOxford University Press$3UONV245947$4650 801 $aIT$bSOL$c20240220$gRICA 899 $aSIBA - SISTEMA BIBLIOTECARIO DI ATENEO$2UONSI 912 $aUON00413853 950 $aSIBA - SISTEMA BIBLIOTECARIO DI ATENEO$dSI Angl I A 071 $eSI SI 1696/38 7 071 $sBuono 996 $aTwo Fifteenth-Century Cookery-Books$91342439 996 $aWith extracts from ashmole MS. 1439, Laud MS. 553, & Douce MS. 55$91342440 997 $aUNIOR